Biological Psychology / Sixth Edition (Record no. 2523)
[ view plain ]
| 000 -LEADER | |
|---|---|
| fixed length control field | 01199cam a22002054a 4500 |
| 005 - ΗΜΕΡΟΜΗΝΙΑ ΚΑΙ ΩΡΑ ΤΕΛΕΥΤΑΙΑΣ ΕΝΗΜΕΡΩΣΗΣ | |
| Πεδίο ελέγχου | 20251217162127.0 |
| 008 - FIXED-LENGTH DATA ELEMENTS--GENERAL INFORMATION | |
| Πεδίο ελέγχου σταθερού μήκους | 250528s ||||||||||||||||||||||||d |
| 035 ## - SYSTEM CONTROL NUMBER | |
| System control number | 17083 |
| 020 ## - ISBN | |
| ISBN | 534348939 |
| 040 ## - ΠΗΓΗ ΚΑΤΑΛΟΓΟΓΡΑΦΗΣΗΣ | |
| Φορέας πρωτότυπης καταλογογράφησης | MC Athens Campus Library |
| Γλώσσα καταλογογράφησης | Ελληνικά, Μοντέρνα (1453-) |
| Modifying agency | MC Athens Campus Library |
| Κανόνες περιγραφικής καταλογογράφησης | AACR2 |
| 245 1# - ΤΙΤΛΟΣ ΚΑΙ ΔΗΛΩΣΗ ΥΠΕΥΘΥΝΟΤΗΤΑΣ | |
| Τίτλος | Biological Psychology / Sixth Edition |
| 250 ## - EDITION STATEMENT | |
| Edition statement | 6th |
| 260 ## - PUBLICATION, DISTRIBUTION, ETC. | |
| Name of publisher, distributor, etc. | Brooks/Cole Publishing Company, |
| Date of publication, distribution, etc. | 1998 |
| 300 ## - PHYSICAL DESCRIPTION | |
| Extent | 540 |
| 520 ## - SUMMARY, ETC. | |
| Summary, etc. | Introduction: The Goals of Biological Psychology, Human Behavior in the Context of the Animal Kingdom, Nerve Cells and Nerve Impulses, Synapses and Drugs, The Anatomy and Investigation of the Nervous System, The Development and Evolution of the Brain, Vision, The Nonvisual Sensory System, Movement, Rhythms of Wakefulness and Sleep, The Regulation of Internal Body States, Hormones and Sexual Behavior, Emotional Behaviors and Stress, The Biology of Learning and Memory, Lateralization and Language, Recovery from Brain Damage, Mood Disorders and Schizophrenia, Appendices, Brief and Basic Chemistry, Society for Neuroscience Policies on the Use of Animals and Human Subjects in Neuroscience Research. |
| 700 1# - ΠΡΟΣΘΕΤΗ ΑΝΑΓΡΑΦΗ--ΦΥΣΙΚΟ ΠΡΟΣΩΠΟ | |
| Personal name | Kalat, James W. |
| 9 (RLIN) | 300 |
| 942 ## - ADDED ENTRY ELEMENTS (KOHA) | |
| Koha item type | Books |
| Τύπος τεκμηρίου | Βιβλιοθήκη | Τρέχουσα τοποθεσία | Barcode | Αριθμός εισαγωγής | Ημερομηνία απόκτησης | Ταξιθετικό σύμβολο | Αριθμός αντιτύπου | Κατάσταση απόσυρσης | Κατάσταση χαμένου | Κατάσταση κατεστραμμένου | Μη δανεισμός | Σύνολο δανεισμών | Ημερομηνία τελευταίας εμφάνισης | Η τιμή ισχύει από |
|---|---|---|---|---|---|---|---|---|---|---|---|---|---|---|
| Books | MC Athens Campus Library | MC Athens Campus Library | 9780000025227 | 7388 | 05/06/2025 | 612.8 KAL | 1 | 05/06/2025 | 05/06/2025 |